| 000 | 00610nam a2200217Ia 4500 | ||
|---|---|---|---|
| 003 | GCL | ||
| 008 | 140319s9999 xx 000 0 eng d | ||
| 040 |
_aGCL / _cGCL |
||
| 082 | 0 | 4 |
_a327.4961 _bF T |
| 100 | 1 | _aBROWN, JEAN E. | |
| 245 | 1 | 0 |
_aKURKEY'S NEW GEOPOLITICE FROM THE BALKANS TO WESTERN CHINA / _cBROWN, JEAN E. |
| 700 | 1 | _aFULLER, GRAHAM | |
| 700 | 1 | _aLESSER, IAN O. | |
| 700 | 1 | _aHENZE, PAUL B. | |
| 260 |
_a[S.N] : _bWESTVIEW PRESS ، _c1993 |
||
| 300 | _a197 P | ||
| 650 | 0 | 4 | _aTURKEY - POLITICS |
| 650 | 0 | 4 | _aTURKEY - FOREIGN RELATIONS |
| 650 | 0 | 4 | _aTURKEY - GOVERNMENT |
| 942 |
_2ddc _cBK |
||
| 999 |
_c10343 _d10343 |
||